01094nam a2200289 a 450000100060000000300080000600500170001400800410003102000270007203500190009904000320011804100080015008200240015810000280018224500650021026000470027530000340032250000600035650000580041650400290047465000340050365000370053771000640057494200120063899900170065095201370066777116BD-RjUL20211209082928.0200225s1983 ilua b 000 0 eng  a0870943502 (looseleaf) a(BD-RjUL)77340 aDLCcDLCdDLCdBD-RjULbeng aeng00223a658.3bDAI 19831 aDaily, James M.921225010aICPM interpersonal skills for the manager /cJames M. Daily. aHomewood, Ill. :bDow Jones-Irwin,cc1983. avii, 137 p. :bill. ;c30 cm. aOn cover: Institute of Certified Professional Managers. aTitle on cover: Interpersonal skills for the manager. aIncludes bibliographies. 0aPersonnel management.9239803 0aOrganizational behavior.92398042 aInstitute of Certified Professional Managers (U.S.)9239805 2ddccBK c77116d77116 00102ddc40718NFICaRUCLbRUCLcReadingd1986-09-11eAsia Foundationl0o658.3 DAI 1983r2020-02-25 00:00:00tC-1w2020-02-25yBK